<?xml version='1.0' encoding='UTF-8'?>
  <record xmlns="http://www.loc.gov/MARC21/slim">
    <leader>00000nem a2200000 i 4500</leader>
    <controlfield tag="001">ocn980373750</controlfield>
    <controlfield tag="003">OCoLC</controlfield>
    <controlfield tag="005">20241014181702.9</controlfield>
    <controlfield tag="008">031020s1836    ru        a     0 0 fre d</controlfield>
    <datafield tag="040" ind1=" " ind2=" ">
      <subfield code="a">QGJ</subfield>
      <subfield code="b">dut</subfield>
      <subfield code="c">QGJ</subfield>
      <subfield code="d">OCLCL</subfield>
      <subfield code="d">OCLCQ</subfield>
    </datafield>
    <datafield tag="035" ind1=" " ind2=" ">
      <subfield code="a">(OCoLC)980373750</subfield>
    </datafield>
    <datafield tag="041" ind1=" " ind2=" ">
      <subfield code="a">fre</subfield>
    </datafield>
    <datafield tag="084" ind1=" " ind2=" ">
      <subfield code="a">15.22</subfield>
      <subfield code="2">bcl</subfield>
    </datafield>
    <datafield tag="100" ind1="1" ind2=" ">
      <subfield code="a">Loir, Constant.</subfield>
    </datafield>
    <datafield tag="245" ind1="1" ind2="0">
      <subfield code="a">Généalogie de la Maison impériale de Russie /</subfield>
      <subfield code="c">par Constant Loir.</subfield>
    </datafield>
    <datafield tag="264" ind1=" " ind2="1">
      <subfield code="a">St. Petersburg :</subfield>
      <subfield code="b">de l'imprimerie de l'Expédition des papiers de la Couronne,</subfield>
      <subfield code="c">1836.</subfield>
    </datafield>
    <datafield tag="300" ind1=" " ind2=" ">
      <subfield code="a">1 bl. :</subfield>
      <subfield code="b">steendruk, in kleur ;</subfield>
      <subfield code="c">48 x 64 cm</subfield>
    </datafield>
    <datafield tag="336" ind1=" " ind2=" ">
      <subfield code="a">cartographic image</subfield>
      <subfield code="b">cri</subfield>
      <subfield code="2">rdacontent</subfield>
    </datafield>
    <datafield tag="337" ind1=" " ind2=" ">
      <subfield code="a">unmediated</subfield>
      <subfield code="b">n</subfield>
      <subfield code="2">rdamedia</subfield>
    </datafield>
    <datafield tag="338" ind1=" " ind2=" ">
      <subfield code="a">sheet</subfield>
      <subfield code="b">nb</subfield>
      <subfield code="2">rdacarrier</subfield>
    </datafield>
    <datafield tag="600" ind1="0" ind2="4">
      <subfield code="a">Rurikiden,</subfield>
      <subfield code="c">Huis der.</subfield>
    </datafield>
    <datafield tag="600" ind1="0" ind2="4">
      <subfield code="a">Romanov,</subfield>
      <subfield code="c">fam.</subfield>
    </datafield>
    <datafield tag="650" ind1=" " ind2="7">
      <subfield code="a">Genealogie.</subfield>
      <subfield code="0">(NL-LeOCL)078516463.</subfield>
      <subfield code="2">gtt</subfield>
    </datafield>
    <datafield tag="651" ind1=" " ind2="7">
      <subfield code="a">Rusland.</subfield>
      <subfield code="0">(NL-LeOCL)078654629.</subfield>
      <subfield code="2">gtt</subfield>
    </datafield>
    <datafield tag="758" ind1=" " ind2=" ">
      <subfield code="a">Généalogie de la Maison impériale de Russie (CartographicMaterial)</subfield>
      <subfield code="1">https://id.oclc.org/worldcat/entity/E39PD3Mym44WrtMMxG9Xt8TVhb</subfield>
      <subfield code="4">https://id.oclc.org/worldcat/ontology/hasWork</subfield>
    </datafield>
    <datafield tag="936" ind1=" " ind2=" ">
      <subfield code="a">BATCHLOAD</subfield>
    </datafield>
  </record>